Music Quiz

Random Music or Song Quiz

Song Snippets Quiz Stats

Quiz Updated Jan 26, 2015

Challenge
Share
Tweet
Embed
Score 0/42 Timer 11:00
0 Plays Today
Snippet Song % Correct
but the levee was dryAmerican Pie
86.6%
two turtle doves12 Days of Christmas
84.9%
take a sad song and make it betterHey Jude
80.4%
gently down the streamRow, Row, Row Your Boat
78.7%
rockets' red glareStar-Spangled Banner
78.6%
and the world will live as oneImagine
77.1%
that saved a wretch like meAmazing Grace
74.5%
the kid is not my sonBillie Jean
69.4%
will you do the fandangoBohemian Rhapsody
69.1%
peanuts and cracker jackTake Me Out to the Ball Game
66.2%
which nobody can denyFor He's a Jolly Good Fellow
65.5%
hey, I just met youCall Me Maybe
64%
it's the thrill of the fightEye of the Tiger
63.2%
tale as old as timeBeauty and the Beast
60.2%
cheer up sleepy JeanDaydream Believer
60%
troubles melt like lemon dropsOver the Rainbow
59.7%
in a land called HonaleePuff, the Magic Dragon
59%
when the dog bitesMy Favorite Things
57%
with my banjo on my kneeOh! Susanna
56%
we don't need no thought controlAnother Brick in the Wall Pt. 2
55.9%
a three-hour tourGilligan's Island Theme
54.9%
Snippet Song % Correct
here we are now, entertain usSmells Like Teen Spirit
54.5%
loves Jesus and America tooFree Fallin'
52.4%
streetlight peopleDon't Stop Believin'
51.9%
you ain't never caught a rabbitHound Dog
48.1%
we'll have a gay old timeFlintstones Theme
47.3%
stab it with their steely knivesHotel California
46.5%
good times never seemed so goodSweet Caroline
43.3%
a kiss is still a kissAs Time Goes By
35.9%
you know we'll have a good time thenCat's in the Cradle
35.7%
you're back from outer spaceI Will Survive
34.5%
I'll help you carry onLean on Me
32%
we stand on guard for theeO Canada
31.2%
we'll take a cup of kindness yetAuld Lang Syne
28.9%
oh, there goes gravityLose Yourself
27.9%
feel the beat of the tambourineDancing Queen
26.8%
long to reign over usGod Save the Queen
26.2%
smile on your brotherGet Together
18.8%
reaching a fever pitchRolling in the Deep
17.5%
I'm going to WichitaSeven Nation Army
17.2%
the kind I'd like to meetOh, Pretty Woman
15.4%
weather-wise it's such a lovely dayCome Fly With Me
6.9%

You're not logged in!

Compare scores with friends on all Sporcle quizzes.
Join for Free
OR
Log In

You Might Also Like...

Show Comments

Extras

Top Quizzes Today


Score Distribution

Your Account Isn't Verified!

In order to create a playlist on Sporcle, you need to verify the email address you used during registration. Go to your Sporcle Settings to finish the process.

Report this User

Report this user for behavior that violates our Community Guidelines.

Details: